Score 0/30 Timer 05:00
0 Plays Today
% Correct
Nine
95.7%
Nations
95.6%
Naked
95.3%
Number
95.1%
Night
94.9%
New
94.8%
Nose
94.8%
Not
94.6%
Novelists
94.3%
Nitric
93.5%
None
93.3%
North
93.1%
Noise
93.1%
Nevada
93.1%
Next
92.7%
% Correct
Now
92.4%
News
90.3%
National
88.6%
Nintendo
88.5%
Nurse
88.3%
Natural
87.3%
Neurology
81.4%
Nomenclature
78.9%
Network
78.4%
Normal
75.4%
Nuclear
72.7%
Newfoundland
69%
Naval
68.5%
Non
60.4%
Name
48.4%
Remove Ads.
Support Sporcle.
Get the best of Sporcle when you Go Orange. This ad-free experience offers more features, more stats, and more fun while also helping to support Sporcle. Thank you for becoming a member.

You're not logged in!

Compare scores with friends on all Sporcle quizzes.
OR
Log In

Show Comments

Extras

Top Quizzes Today


Score Distribution

Your Account Isn't Verified!

In order to create a playlist on Sporcle, you need to verify the email address you used during registration. Go to your Sporcle Settings to finish the process.

Report this User

Report this user for behavior that violates our Community Guidelines.

Details: